BIBLIOTECA PODER JUDICIAL
Portal Judicial TDF

Títulos circulatorios / (Registro nro. 1260)

000 -LEADER
fixed length control field 00906nam a2200265 4500
003 - CONTROL NUMBER IDENTIFIER
control field OSt
005 - DATE AND TIME OF LATEST TRANSACTION
control field 20180827083119.0
008 - FIXED-LENGTH DATA ELEMENTS--GENERAL INFORMATION
fixed length control field 180825b xxu||||| |||| 00| 0 spa d
020 ## - INTERNATIONAL STANDARD BOOK NUMBER
International Standard Book Number 9502002512
040 ## - CATALOGING SOURCE
Transcribing agency PJ
100 ## - ASIENTO PRINCIPAL - NOMBRE DE PERSONA
Personal name Gualtieri, Giuseppe
9 (RLIN) 1871
245 10 - MENCIÓN DE TÍTULO
Título propiamente dicho Títulos circulatorios /
Mención de responsabilidad, etc Giuseppe Gualtieri, Ignacio Winizki, con la colaboración de las doctoras Teresa Berenstein y María Elsa Uzal.
250 ## - EDITION STATEMENT
Edition statement 6a. ed.
260 ## - PUBLICATION, DISTRIBUTION, ETC. (IMPRINT)
Place of publication, distribution, etc Buenos Aires :
Name of publisher, distributor, etc Abeledo-Perrot,
Date of publication, distribution, etc 1982.
300 ## - DESCRIPCION FISICA
Extent 300 p.
Dimensions 23 cm.
500 ## - NOTA GENERAL
General note Notas y citas a pie de página.
500 ## - NOTA GENERAL
General note Edición reestructurada y puesta al día.
504 ## - NOTA DE BIBLIOGRAFÍA, ETC.
Bibliography, etc Bibliografía: p. 285-293.
650 #0 - ASIENTO SECUNDARIO DE MATERIA - TERMINO TEMATICO
9 (RLIN) 1602
Topical term or geographic name as entry element DERECHO COMERCIAL
650 #0 - ASIENTO SECUNDARIO DE MATERIA - TERMINO TEMATICO
9 (RLIN) 1831
Topical term or geographic name as entry element TITULOS DE CRÉDITO
700 ## - ADDED ENTRY--PERSONAL NAME
Personal name Winizki, Ignacio
9 (RLIN) 1872
700 ## - ADDED ENTRY--PERSONAL NAME
Personal name Berenstein, Teresa
9 (RLIN) 1873
700 ## - ADDED ENTRY--PERSONAL NAME
Personal name Uzal, María Elsa
9 (RLIN) 326
942 ## - ADDED ENTRY ELEMENTS (KOHA)
Source of classification or shelving scheme
Koha item type Libros
Classification part 347.745
Item part GUA
Existencias
Withdrawn status Lost status Source of classification or shelving scheme Damaged status Not for loan Permanent Location Current Location Date acquired Full call number Barcode Date last seen Price effective from Koha item type
          Biblioteca Poder Judicial Sur Biblioteca Poder Judicial Sur 2018-08-27 347.745 GUA 1130 2018-08-27 2018-08-27 Libros

12 de Octubre 789 Ushuaia - Tel:  54(02901)441571
Horario de Atención: 8.00 a 17.00 hs. 
bibliotecaush@justierradelfuego.gov.ar
koha@justierradelfuego.gov.ar
Seguinos en nuestras redes @bibliojustdf 

Con tecnología Koha